Responses for Show #7962 - Tuesday, April 2, 2019

Steven Grade game 5.

Contestants

[<< previous game]

Anika Gregg, an operations manager from Belmont, Massachusetts

Erich Johnson, a musician and grad student from Brooklyn, New York

Steven Grade, a sports industry consultant from Atlanta, Georgia (whose 4-day cash winnings total $88,300)

[next game >>]

Jeopardy! Round responses

SHARING THE ISLAND
GAMES WITH DICE
BESTSELLERS
EMMY WINNERS FOR BEST ACTRESS IN A DRAMA
DRINKS ALL AROUND!
7-LETTER WORDS
    $200 22
Papua New Guinea

Erich
    $200 3
(Anika: What is dominoes?)

backgammon

StevenAnika
    $200 4
Auschwitz

Steven
    $200 1
Glenn Close

Anika
    $200 13
rum

Anika
    $200 17
a typhoon (or cyclone)

Anika
    $400 23
the Netherlands

Steven
    $400 5
7 and 11

Steven
    $400 6
Crazy Rich Asians

Anika
    $400 2
How to Get Away with Murder

Steven
    $400 14
vodka

Steven
    $400 24
passive

Anika
    $600 28
(Steven: What is Russia?)

Germany

Steven
Triple Stumper
    $600 15
Yahtzee

Steven
    $600 10
Water for Elephants

Anika
    $600 7
Mariska Hargitay

Anika
    $600 18
PBR

Steven
    $600 25
(Alex: With less than a minute to go.)

a holster

Steven
    $800 29
Greek

Erich
    $800 16
mah-jongg

Erich
    $800 11
A Simple Favor

Anika
    $800 8
Cagney & Lacey

Anika
    $800 19
olive

Steven
    $800 26
a heckler

Steven
    $1000 30
Haiti and the Dominican Republic

Steven
    $1000 20
Trouble

Triple Stumper
    $1,000 12
Eat, Pray, Love

Anika
    $1000 9
(Erich: Who is Lynda Carter?)

Lindsay Wagner

Erich
Triple Stumper
    $1000 21
scotch

Triple Stumper
    $1000 27
filbert

Anika

Scores at the first commercial break (after clue 15):

Steven Erich Anika
$2,200 -$1,000 $4,400

Scores at the end of the Jeopardy! Round:

Steven Erich Anika
$5,800 $800 $6,000

Double Jeopardy! Round responses

THE MIDDLE AGES
THE OLYMPICS
BOTANICAL GARDENS
BIBLE PASSAGES
WHAT KIND OF FUEL?
"MI"
    $400 2
Marco Polo

Steven
    $400 4
(Steven: What is a wiener dog...wienermauer?)

a dachshund

StevenErich
    $400 15
New York City

Anika
    $400 9
Adam

Steven
    $400 17
coal

Anika
    $400 10
a millimeter

Steven
    $800 1
feudalism

Erich
    $800 3
Lake Placid

Anika
    $800 16
tulips

Steven
    $800 11
David

Anika
    $800 27
liquid

Steven
    $800 12
Mickey

Erich
    $1200 5
antipope

Steven
    $1200 6
tug-of-war

Steven
    $1200 18
(William) Penn

Steven
    $3,000 19
Damascus

Steven
    $1200 28
peat

Erich
    $1200 22
a Michelada

Triple Stumper
    $1600 13
the zero

Triple Stumper
    $1600 7
speed skates

Anika
    $1600 25
(Alex: Less than a minute.)

Portugal

Anika
    $1600 20
Jacob

Steven
    $1600 29
compressed natural gas

Erich
    $3,600 23
(Steven: What is a... word that is not coming to me.)

miasma

Steven
    $2000 14
the Ottoman Empire

Erich
    $2000 8
the decathlon

Steven
    $2000 26
Kew Gardens

Triple Stumper
    $2000 21
Jonah

Steven
    $2000 30
diesel

Erich
    $2000 24
mica

Anika

Scores at the end of the Double Jeopardy! Round:

Steven Erich Anika
$16,800 $9,600 $13,600

[wagering suggestions for these scores]

Final Jeopardy! Round responses

MUSIC LEGENDS
(Alex: [To Steven] The Queen of Soul and the King of Rock and Roll.)
ErichWho are
$9,600
AnikaWho are B.B. King + Elvis Presley?
$5,601
StevenWho are Elvis Presley + Franklin
$10,401
Elvis Presley and Aretha Franklin

Final scores:

Steven Erich Anika
$27,201 $0 $7,999
5-day champion: $115,501 3rd place: $1,000 2nd place: $2,000

Game dynamics:

Coryat scores:

Steven Erich Anika
$18,600 $9,600 $13,600
24 R
(including 1 DD),
3 W
(including 1 DD)
10 R,
1 W
18 R
(including 1 DD),
1 W

Combined Coryat: $41,800

[game clues] [game scores] [suggest correction]

Game tape date: 2019-02-05
The J! Archive is created by fans, for fans. Scraping, republication, monetization, and malicious use prohibited; this site may use cookies and collect identifying information. See terms. The Jeopardy! game show and all elements thereof, including but not limited to copyright and trademark thereto, are the property of Jeopardy Productions, Inc. and are protected under law. This website is not affiliated with, sponsored by, or operated by Jeopardy Productions, Inc. Join the discussion at JBoard.tv.